000 02047nam0a22004211 4500
001 v19\rc\2105397
005 20250630120015.0
035 _a(NLR Aleph) 005185090
090 _a5158833
_c5158833
100 _a20090914d1822 |||y0rusy50 ca
101 0 _arus
102 _aRU
105 _ay z |||||
200 1 _aИсторическое изображение о начале Коневския обители, о запустении, возобновлении и о настоящем оной положении
210 _aВ Санктпетербурге
_cпри Святейшем Синоде
_d1822
215 _a[2], 46 с.
_d20
300 _aАвт. установлен по изд.: Межов. Русская ист. библиография. Т. 3, № 31260
300 _aСочинение Илариона (Кириллова) завершил и издал Мисаил (Орлов)
300 _aНа с. 43-46: Прибавление. Содержит данные по истории обители с 1817 по 1821 г.
321 1 _aСК 1801-1825 5078
518 1 _aИсторическое изображение о начале Коневской обители, о запустении, возобновлении и о настоящем оной положении
620 _dСанкт-Петербург
700 0 _9z01790
_aМисаил
_cОрлов
701 0 _9z02790
_aИларион
_cКириллов, Иоанн Андреевич
_f1776-1851
_4650
790 1 _9z01700
_aОрлов
790 1 _9z02701
_aКириллов
_bИ.А.
_f1776-1851
_gИоанн Андреевич
790 1 _9z02701
_aКирилов
_bИ.А.
_f1776-1851
_gИван Андреевич
801 0 _aRU
_bNLR
_gpsbo
801 1 _aRU
_bProSoft-M
_2rusmarc
801 2 _aRU
_bNLR
_c20160321
_2rusmarc
852 _aNLR
_j138/1305
852 _aNLR
_j18.209.3.432
852 _aNLR
_bРЗФ
_j18 в. 3/236
852 _aNLR
_bРЗФ
_j18 в. 3/236а
942 _cBOOK
980 _aNB
980 3 _akpnscan